00346 a2200109 450000100060000008200110000610000170001724501190003426000340015330000260018750000230021388092 aPR 331 aM Amir Malik aTo develop a software for preparation of monthly repair schedule for approximately 600 components of mirage fleet aRisalpurbNUST Risalpurc2004 aiv, 66p.eRekhman Gul aBE Project Reports